Marina española de la Edad Media : (Record no. 137032)

MARC details
000 -LEADER
campo de control de longitud fija 01138nam a2200277 i 4500
001 - NÚMERO DE CONTROL
campo de control 137032
003 - IDENTIFICADOR DE NÚMERO DE CONTROL
campo de control ES-MaACL
005 - FECHA Y HORA DE LA ÚLTIMA TRANSACCIÓN
campo de control 20260121131204.0
007 - CAMPO FIJO DE DESCRIPCIÓN FÍSICA--INFORMACIÓN GENERAL
campo de control de longitud fija t|
008 - DATOS DE LONGITUD FIJA--INFORMACIÓN GENERAL
campo de control de longitud fija 070214m19251927sp |||| | spa d
080 ## - NÚMERO DE LA CLASIFICACIÓN DECIMAL UNIVERSAL
Número de la Clasificación Decimal Universal 355.49(460)"12/14"
100 1# - ENTRADA PRINCIPAL--NOMBRE DE PERSONA
Nombre de persona Salas, Francisco Javier de,
Fechas asociadas al nombre 1832-1890
9 (RLIN) 151213
245 10 - MENCIÓN DEL TÍTULO
Título Marina española de la Edad Media :
Resto del título bosquejo histórico de sus principales sucesos en relación con la historia de las coronas de Aragón y de Castilla /
Mención de responsabilidad, etc. por el capitán de navío... F. Javier de Salas.
250 ## - MENCION DE EDICION
Mención de edición 2ª ed.
260 ## - PUBLICACIÓN, DISTRIBUCIÓN, ETC.
Lugar de publicación, distribución, etc. Madrid :
Nombre del editor, distribuidor, etc. [s. n.],
Fecha de publicación, distribución, etc. 1925-1927 (
Fabricante Imp. del Ministerio de Marina)
300 ## - DESCRIPCIÓN FÍSICA
Extensión 2 v. (XXI, 511 ; 409 p.) ;
Dimensiones 23 x 16 cm.
500 ## - NOTA GENERAL
Nota general Apéndice documental.
530 ## - NOTA DISPONIBLE DE FORMULARIO FÍSICO ADICIONAL
Nota de formato físico adicional disponible Disponible en formato digital.
651 #4 - PUNTO DE ACCESO ADICIONAL DE MATERIA--NOMBRE GEOGRÁFICO
Nombre geográfico Aragón (Reino)-
Subdivisión general Historia naval.
9 (RLIN) 151214
651 #4 - PUNTO DE ACCESO ADICIONAL DE MATERIA--NOMBRE GEOGRÁFICO
Nombre geográfico Castilla (Reino)-
Subdivisión general Historia naval.
9 (RLIN) 150770
710 1# - ENTRADA AGREGADA--NOMBRE DE ENTIDAD CORPORATIVA
Nombre de entidad corporativa o nombre de jurisdicción como elemento de entrada España.
Unidad subordinada Ministerio de Marina.
9 (RLIN) 3909
852 4# - LOCALIZACIÓN
Ubicación ES-MaACL
Número de control de estantería B-3589-90
Ubicación en estantería Sala Pardo Bazán
856 4# - LOCALIZACIÓN Y ACCESO ELECTRÓNICOS
Identificador Uniforme de Recursos <a href="http://bdh-rd.bne.es/viewer.vm?id=0000013596&page=1 ">http://bdh-rd.bne.es/viewer.vm?id=0000013596&page=1 </a>
Texto de enlace (Biblioteca Digital Hispánica)
942 ## - ELEMENTOS DE ENTRADA SECUNDARIOS (KOHA)
Fuente del sistema de clasificación o colocación Clasificación decimal universal
Holdings
Estatus retirado Estado de pérdida Estado de daño No para préstamo Colección Biblioteca de origen Biblioteca actual Ubicación en estantería Fecha de adquisición Fuente de adquisición Total de préstamos Signatura topográfica completa Código de barras Visto por última vez Precio de reemplazo Tipo de ítem Koha
        Colección digital Biblioteca del Ateneo de Madrid Biblioteca del Ateneo de Madrid Sala Pardo Bazán 17/01/2008     B-3589-90 1142605 23/02/2023 23/02/2023 Libro impreso